| 000 | 00834nam a2200217 a 4500 | ||
|---|---|---|---|
| 001 | 22885 | ||
| 003 | CO-ViMGA | ||
| 008 | 141112s2004 ck r 000 u spa d | ||
| 020 | _a8497323866 | ||
| 040 |
_aCO-ViMGA _bspa _cCO-ViMGA |
||
| 082 | 0 | 4 | _a629.892 A548i |
| 100 | 1 |
_aAngulo Usategui, José _932815 |
|
| 245 | 1 | 0 |
_aIntroducciòn a la robòtica : _bPrincipios teòricos, construcciòn y programaciòn de un robot educativo |
| 260 |
_aEspaña : _bAlfaomega |
||
| 300 | _a426p. | ||
| 505 | _aPresentacion general de la robotica, Las partes de un robo, Perifericos de entrada. sensores, Pasos en la realizacion del robot, Desarrollo de tareas basicas, Servomotores, la fuerza. \ \ \ | ||
| 650 | 1 | 4 |
_aROBOTICA _954146 |
| 650 | 1 | 4 |
_aROBOTICA - APLICACIONES _932816 |
| 650 | 1 | 4 |
_aROBOTS - CONSTRUCCION _932817 |
| 942 |
_2ddc _cBK |
||
| 999 |
_c31178 _d31178 |
||